Program starostlivosti o životné prostredie.

Záverečná časť príspevku o programe starostlivosti o životné prostredie. Rozbor ďalších podprogramov programu ekologickej organizácie, využívania a ochrany krajiny a ekologizácie technologických procesov.

Gespeichert in:
Bibliographische Detailangaben
1. Verfasser: Miklós, L.
Format: Buchkapitel
Sprache:Slowakisch
Schlagworte:
Tags: Tag hinzufügen
Keine Tags, Fügen Sie das erste Tag hinzu!

MARC

LEADER 00000naa a2200000 4500
001 r008653
005 20220831085620.6
041 0 |a slo 
044 |a [CS] 
245 1 0 |a Program starostlivosti o životné prostredie.  |c L. Miklós 
520 |a Záverečná časť príspevku o programe starostlivosti o životné prostredie. Rozbor ďalších podprogramov programu ekologickej organizácie, využívania a ochrany krajiny a ekologizácie technologických procesov. 
610 2 0 |a ochrana prostredia životného 
610 2 0 |a prostredie životné 
610 2 0 |a ekológia 
610 2 0 |a ochrana prírody 
610 2 0 |a Slovensko 
100 1 |a Miklós, L.